Conciousness: an introduction

Guardat en:
Dades bibliogràfiques
Autor principal: Blackmore, Susan (Autor)
Format: Llibre
Idioma:anglès
Publicat: Oxford Oxford University 2004
Matèries:
Etiquetes: Afegir etiqueta
Sense etiquetes, Sigues el primer a etiquetar aquest registre!

MARC

LEADER 00000nam a2200000 a 4500
001 UCL5829
003 CL-VaPUC
008 040319e20040000UK |||||||||||||||||eng|d
020 |a 019515343X 
082 0 4 |a 153  |b BLA  |2 21 
100 0 |a Blackmore, Susan  |e author  |9 483520 
245 1 0 |a Conciousness: an introduction 
300 |a 460 p 
942 |c BK 
945 |d 20040319 00:00:00  |a cmena 
260 |a Oxford  |b Oxford University  |c 2004 
650 0 |a Procesos mentales superiores  |9 330839 
650 0 |a Conciencia  |9 309452 
650 0 |a Mente y cuerpo  |9 307279 
583 |a last modification  |c 20040319 00:00:00  |k Rodrigo Vera 
999 |c 308214  |d 308212 
952 |0 0  |1 0  |4 0  |6 153_000000000000000_BLA_2004  |7 0  |8 A  |9 374547  |a FDOPOS  |b FDOPOS  |d 2019-11-21  |i 3987582  |o 153 BLA 2004  |p 3987582  |r 2025-01-22  |w 2019-11-21  |y BK  |k MLA